| 000 | 00381cam a22001337a 4500 | ||
|---|---|---|---|
| 008 | 180718b1999 xxu||||| |||| 00| 0 eng d | ||
| 020 | _a0631207740 | ||
| 082 | _aQ C565 | ||
| 245 |
_aComparative social policy: concepts, theories and methods _cedited by Jochen Clasen |
||
| 260 |
_aOxford _bBlackwell _c1999 |
||
| 300 | _a282p. | ||
| 650 | _aSocial policy | ||
| 700 | _aClasen, Jochen | ||
| 999 |
_c392024 _d392024 |
||